| 000 | nam a22 a 4500 | ||
|---|---|---|---|
| 999 |
_c3021 _d3021 |
||
| 003 | AKMAL | ||
| 005 | 20170519091215.0 | ||
| 008 | 170519s1984 my 00 may d | ||
| 020 | _a9679331962 | ||
| 040 | _aAKMAL | ||
| 082 | 0 | 4 | _a658.1 MAH |
| 090 | 0 | 0 |
_a658.1 _bMAH |
| 100 | 0 |
_aMohashim Bajuri _96306 |
|
| 245 | 1 | 0 |
_aPengurusan Kewangan : _bsatu pengenalan / _cMahashim Bajuri |
| 260 |
_aPetaling Jaya : _bFajar Bakti, _c1984 |
||
| 300 | 0 | 0 |
_a(112)ms. : _bil. ; _c24cm |
| 490 | 0 | _aSiri pengurusan Fajar Bakti | |
| 504 | _aBibliografi: ms.(112) | ||
| 650 | 0 |
_aFinance _96196 |
|
| 942 |
_2ddc _cBOOK |
||